|
|
|
|
| LEADER |
00000nam0a2200000 4500 |
| 001 |
354869 |
| 005 |
20251016111003.0 |
| 035 |
|
|
|a (RuTPU)RU\TPU\retro\12128
|
| 090 |
|
|
|a 354869
|
| 100 |
|
|
|a 20200626d1973 k||y0rusy50 ca
|
| 101 |
1 |
|
|a fre
|c rus
|
| 102 |
|
|
|a RU
|
| 105 |
|
|
|a a z 001yy
|
| 181 |
|
0 |
|a i
|b e
|
| 182 |
|
0 |
|a n
|
| 183 |
|
0 |
|a nc
|2 RDAcarrier
|
| 200 |
1 |
|
|a Теоретические основы статистической радиотехники. Т. 2
|d Fondements Theoriques de la Radiotechnique Statistique. T. 2
|e пер. с рус.
|f Б. Р. Левин
|z fre
|
| 203 |
|
|
|a Текст
|b визуальный
|c непосредственный
|
| 210 |
|
|
|a Москва
|c Мир
|d 1973
|
| 215 |
|
|
|a 438 с.
|c ил.
|
| 283 |
|
|
|a volume
|2 RDAcarrier
|
| 300 |
|
|
|a На французском языке
|
| 320 |
|
|
|a Библиогр.: с. 417-424
|
| 320 |
|
|
|a Алф.-предм. указ.: с. 428-431
|
| 510 |
1 |
|
|a Fondements Theoriques de la Radiotechnique Statistique
|z fre
|
| 606 |
1 |
|
|a Статистическая радиотехника
|2 stltpush
|3 (RuTPU)RU\TPU\subj\72656
|9 86076
|
| 610 |
1 |
|
|a радиотехника
|
| 610 |
1 |
|
|a оптимальный синтез
|
| 610 |
1 |
|
|a сигналы
|
| 610 |
1 |
|
|a обнаружение
|
| 610 |
1 |
|
|a различия
|
| 610 |
1 |
|
|a помехи
|
| 610 |
1 |
|
|a фильтрация
|
| 610 |
1 |
|
|a задачи
|
| 610 |
1 |
|
|a случайные величины
|
| 610 |
1 |
|
|a случайные события
|
| 610 |
1 |
|
|a гауссовские процессы
|
| 610 |
1 |
|
|a адаптивные алгоритмы
|
| 610 |
1 |
|
|a французский язык
|
| 675 |
|
|
|a 621.37
|v 4
|
| 700 |
|
1 |
|a Левин
|b Б. Р.
|c российский ученый, радиотехник
|c педагог
|f 1919-1991
|g Борис Рувимович
|9 8680
|
| 801 |
|
1 |
|a RU
|b 63413507
|c 20200626
|
| 801 |
|
2 |
|a RU
|b 63413507
|c 20210121
|g RCR
|
| 942 |
|
|
|c BK
|